| 000 | 00424nam a22001697a 4500 | ||
|---|---|---|---|
| 005 | 20240318131133.0 | ||
| 008 | 160627b xxu||||| |||| 00| 0 eng d | ||
| 020 | _a81-7808-437-6 | ||
| 041 | _aeng | ||
| 082 | _b658.001 | ||
| 100 |
_aCHOUDHURY SUBIR _98419 |
||
| 245 | _a YOU CAN GET TO THE POWER OF SIX SIGMA | ||
| 260 |
_bPEARSON EDUCATION ASIA _c2001 _aDELHI |
||
| 300 | _a128; P | ||
| 650 | _aMANAGEMENT | ||
| 942 | _cBK | ||
| 999 |
_c4239 _d4238 |
||